Les clubs avec les plus de joueurs sélectionnés pour l'EURO 2024 - Statistiques

Statistiques générales
  • Ce quiz a été pris 40 fois
  • Le résultat moyen est 36 sur 58
Statistiques - réponses
Nombre de joueurs / Pays Club % Correct
11 / Espagne Barcelone
100%
11 / Allemagne Bayern Munich
100%
13 / Italie Inter Milan
100%
13 / Angleterre Manchester City
100%
12 / France Paris Saint-Germain
100%
12 / Espagne Real Madrid
100%
9 / Italie Juventus Turin
97%
10 / Angleterre Arsenal
95%
7 / Allemagne Borussia Dortmund
95%
6 / Angleterre Chelsea
95%
9 / Italie AS Rome
92%
10 / Allemagne Bayer Leverkusen
92%
8 / Italie AC Milan
89%
8 / Angleterre Manchester United
89%
9 / Angleterre Liverpool
86%
5 / Pays-Bas Ajax
84%
7 / Espagne Atletico Madrid
78%
4 / Angleterre Tottenham
78%
6 / Ukraine Dynamo Kiev
76%
4 / Turquie Galatasaray
76%
6 / Italie Naples
76%
11 / Allemagne RB Leipzig
76%
4 / Angleterre Newcastle
73%
4 / Angleterre Aston Villa
70%
5 / Portugal Benfica
70%
7 / Turquie Fenerbahce
68%
4 / Ecosse Celtic
65%
6 / République Tchèque Sparta Prague
65%
7 / Pays-Bas Feyenoord
62%
4 / Angleterre Everton
59%
4 / Angleterre West Ham
59%
8 / Allemagne Wolfsbourg
59%
4 / Grèce AEK Athènes
57%
4 / Italie Atalanta
57%
5 / Grèce Panathinaikos
57%
9 / République Tchèque Slavia Prague
57%
6 / Belgique Anderlecht
54%
4 / Turquie Besiktas
51%
6 / Espagne Real Sociedad
49%
7 / Ukraine Shakhtar Donetsk
49%
4 / Autriche RB Salzbourg
46%
5 / Angleterre Crystal Palace
43%
5 / Allemagne Stuttgart
43%
6 / Italie Torino
43%
4 / Autriche Rapid Vienne
41%
4 / Allemagne Borussia Monchengladbach
38%
6 / Allemagne Hoffenheim
38%
8 / Italie Bologne
35%
7 / Angleterre Brentford
35%
4 / Angleterre Leicester
35%
4 / Angleterre Fulham
32%
5 / Angleterre Brighton
30%
4 / Roumanie FCSB
30%
4 / Allemagne Fribourg
27%
5 / Autriche Sturm Graz
24%
4 / République Tchèque Viktoria Plzen
22%
5 / Italie Hellas Verone
16%
5 / Italie Empoli
11%
Aucun quiz correspondant
Distribution des résultats
% des personnes avec chaque résultat
Percentile par nombre de réponses
Votre historique - résultats
Vous n’avez pas pris ce quiz